000
00263nam a22001097a 4500
082
_a
823/GIB
100
_a
Khullar Rajeev
_9
78383
245
_a
Kahlil Gibran Selected Short Stories
260
_a
Delhi
_b
Atish Pra
_c
2019
650
_a
Stories
_9
80098
942
_c
BK
999
_c
63576
_d
63576